000 00487nam a22001937a 4500
003 MPLRDC
005 20220104143929.0
008 210129b ||||| |||| 00| 0 eng d
020 _a7-80653-107-6
082 _a690.11 LL
100 _a李力、章宜 编著
245 _a北京之旅
_c
250 _a一版一刷
260 _a
_b广东旅游出版社
_c2000
300 _b
490 _a中国之旅热线丛书
650 _a中国游记--北京
942 _cBK
_o690.11 LL
999 _c44739
_d44729